00226nam a22000617a 4500100003300000245007700033260005400110 aParanamana, Nikhila Chathuni aInvestigation of plant materials as corrosion inhibitors for mild steel/ aRajagiriya.bInstitute of chemistry ceylonc2017.